01120nam a2200253 a 45000010005000000030010000050050017000150080041000320200019000730400025000920800025001171000024001422450288001662500033004542600034004873000020005215040025005416500060005666500043006266500054006696500064007237000041007877000038008281472BR-CuiBMT20231211220858.0231211s2014 bab 001 0 eng d a 9788544201138 aBR-CuiBMTcBR-CuiBMT a351.94:336.1482200710aCunha, Bruno Santos10aSúmulas do Tribunal de Contas da União : borganizadas por assunto, anotadas e comentadas : licitações e contratos administrativos, agentes públicos, jurisdição e processo no TCU /cBruno Santos Cunha, Thiago Mesquita Teles de Carvalho, Renato Saeger Magalhães Costa. a2. ed., rev., ampl. e atual. aSalvador :bJusPODIVM,c2014. a531 p. ;c23 cm aInclui bibliografia. aBrasilxTribunal de Contas da UniãoxJurisprudência aTribunal de contas xSúmulaszBrasil aContrato administrativoxJurisprudênciazBrasil aServidor públicoxAposentadoriaxJurisprudênciazBrasil aCarvalho, Thiago Mesquita Teles de.  aCosta, Renato Saeger Magalhães